[Event "Osijek op"]
[Site "Osijek"]
[Date "2013.02.21"]
[Round "2.20"]
[White "Masirevic, Miroljub"]
[Black "Smesnjak, Zeljko"]
[Result "1/2-1/2"]
[WhiteElo "2017"]
[BlackElo "2046"]
[PlyCount "52"]
[EventDate "2013.02.21"]
[EventType "swiss"]
[EventRounds "7"]
[EventCountry "CRO"]
[SourceTitle "EXT 2014"]
[Source "ChessBase"]
[SourceDate "2013.11.20"]
[SourceVersion "1"]
[SourceVersionDate "2013.11.20"]
[SourceQuality "1"]

1. Nf3 d5 2. d4 Nf6 3. c4 c6 4. e3 e6 5. a3 dxc4 6. Bxc4 b5 7. Be2 a6 8. Nc3 c5 9. 0-0 Bb7 10. dxc5 Qxd1 11. Rxd1 Bxc5 12. b4 Be7 13. Bb2 Nc6 14. Rd2 0-0 15. Rad1 Rfd8 16. h3 h6 17. Bd3 Kf8 18. Be4 Nxe4 19. Nxe4 Rxd2 20. Nexd2 a5 21. bxa5 Rxa5 22. Nb3 Ra4 23. Nbd4 Nxd4 24. Nxd4 Bxa3 25. Bxa3+ Rxa3 26. Nxb5 Rb3 1/2-1/2

[Event "CRO-chT2 Center"]
[Site "Zagreb"]
[Date "2012.03.25"]
[Round "4.44"]
[White "Novosel, Tomislav"]
[Black "Smesnjak, Zeljko"]
[Result "1-0"]
[WhiteElo "2165"]
[BlackElo "2027"]
[PlyCount "111"]
[EventDate "2012.03.18"]
[EventType "team-swiss"]
[EventRounds "11"]
[EventCountry "CRO"]
[SourceTitle "EXT 2014"]
[Source "ChessBase"]
[SourceDate "2013.11.20"]
[SourceVersion "1"]
[SourceVersionDate "2013.11.20"]
[SourceQuality "1"]

1. d4 d5 2. Nf3 Nf6 3. c4 c6 4. Nc3 e6 5. e3 Nbd7 6. Qc2 Be7 7. g4 h6 8. Rg1 dxc4 9. Bxc4 Nb6 10. Be2 Nfd5 11. Bd2 Bd7 12. Ne4 Bb4 13. Bxb4 Nxb4 14. Nd6+ Kf8 15. Qc5 N4d5 16. Nxb7+ Qe7 17. Ne5 Be8 18. Qxe7+ Kxe7 19. Nc5 f6 20. Ned3 a5 21. Rc1 Nb4 22. a3 Nxd3+ 23. Bxd3 Nd5 24. Ke2 g5 25. h3 Rb8 26. Rc2 Rb6 27. Be4 Kd6 28. Na4 Rb3 29. Rc5 Nb6 30. Bc2 Nxa4 31. Bxb3 Nxc5 32. dxc5+ Kxc5 33. Bxe6 Bg6 34. Rc1+ Kd6 35. Bc4 h5 36. Bd3 Bf7 37. Bf5 hxg4 38. hxg4 Bb3 39. Rc3 Rb8 40. Rd3+ Ke5 41. Rd2 Bc4+ 42. Kf3 Bd5+ 43. Kg3 Rb3 44. Bb1 Rb8 45. f4+ gxf4+ 46. exf4+ Ke6 47. Bf5+ Ke7 48. g5 Rb3+ 49. Kg4 Bf3+ 50. Kh4 Rb8 51. Rd7+ Ke8 52. gxf6 Bd5 53. Re7+ Kd8 54. Re2 Kc7 55. Bg6 Rh8+ 56. Kg5 1-0

[Event "CRO-chT2 Center"]
[Site "Zagreb"]
[Date "2012.03.18"]
[Round "1.24"]
[White "Smesnjak, Zeljko"]
[Black "Matijevic, Hrvoje"]
[Result "1/2-1/2"]
[WhiteElo "2027"]
[BlackElo "2211"]
[PlyCount "21"]
[EventDate "2012.03.18"]
[EventType "team-swiss"]
[EventRounds "11"]
[EventCountry "CRO"]
[SourceTitle "EXT 2014"]
[Source "ChessBase"]
[SourceDate "2013.11.20"]
[SourceVersion "1"]
[SourceVersionDate "2013.11.20"]
[SourceQuality "1"]

1. Nf3 Nf6 2. d4 d6 3. g3 g6 4. Bg2 Bg7 5. 0-0 0-0 6. c4 Nbd7 7. Nc3 e5 8. h3 Re8 9. e4 c6 10. Re1 Qb6 11. dxe5 1/2-1/2

[Event "Bjelovar op 4th"]
[Site "Bjelovar"]
[Date "2008.09.18"]
[Round "2"]
[White "Smesnjak, Zeljko"]
[Black "Loncar, Robert"]
[Result "1/2-1/2"]
[WhiteElo "2104"]
[BlackElo "2446"]
[PlyCount "65"]
[EventDate "2008.09.18"]
[EventType "swiss"]
[EventRounds "7"]
[EventCountry "CRO"]
[SourceTitle "CBM 126 Extra"]
[Source "ChessBase"]
[SourceDate "2008.11.05"]
[SourceVersion "1"]
[SourceVersionDate "2008.11.05"]
[SourceQuality "1"]

1. d4 d5 2. Nf3 Nf6 3. c4 c6 4. e3 Bg4 5. Nc3 e6 6. Bd3 Nbd7 7. h3 Bh5 8. 0-0 Be7 9. b3 0-0 10. Bb2 Re8 11. g4 Bg6 12. Bxg6 hxg6 13. Qe2 Bb4 14. Ne5 Nxe5 15. dxe5 Nd7 16. f4 Nc5 17. Kg2 dxc4 18. Qxc4 Nd3 19. Nd1 b5 20. Qe4 Qd5 21. Qxd5 cxd5 22. Bc3 Rec8 23. Bxb4 Nxb4 24. a3 Nc2 25. Ra2 Rc7 26. Rf2 Rac8 27. Rd2 a5 28. Kf2 b4 29. axb4 axb4 30. Ra4 Rb8 31. Ke2 Na3 32. Ra6 Rc2 33. Kd3 1/2-1/2

[Event "CRO-chT3"]
[Site "Bjelovar"]
[Date "2008.04.06"]
[Round "2"]
[White "Popovic, Bojana"]
[Black "Smesnjak, Zeljko"]
[Result "1/2-1/2"]
[WhiteElo "1850"]
[BlackElo "2151"]
[PlyCount "24"]
[EventDate "2008.03.30"]
[EventType "team-tourn"]
[EventRounds "9"]
[EventCountry "CRO"]
[SourceTitle "EXT 2011"]
[Source "ChessBase"]
[SourceDate "2010.11.26"]
[SourceVersion "1"]
[SourceVersionDate "2010.11.26"]
[SourceQuality "1"]

1. Nf3 d5 2. d4 Nf6 3. Bf4 Bf5 4. e3 e6 5. a3 Bd6 6. Bg3 0-0 7. c4 dxc4 8. Bxc4 Bxg3 9. hxg3 Nbd7 10. Nc3 h6 11. Bd3 Bxd3 12. Qxd3 c6 1/2-1/2